000 00674nam a2200277Ia 4500
005 20260324142755.0
008 008 260324s9999 xx 000 0 eng d
020 _a9781315036144
037 _aEBOOK
040 _aCRL
040 _beng
040 _cCRL
041 _2eng
041 _aeng
084 _qCRL
100 _aMartin Baldwin-Edwards; Martin A. Schain
_91213189
245 4 _aThe Politics of Immigration in Western Europe
260 _bTaylor and Francis
260 _c1994
365 _a
365 _b290
856 _uhttp://www.taylorfrancis.com/books/9781315036144
942 _cEBOOK
999 _c1817767
_d1817767